[Event "Rhein Main op-B 14th"]
[Site "Bad Homburg"]
[Date "2011.06.25"]
[Round "6"]
[White "Wintermeyer, Pascal"]
[Black "Jordake, Michael"]
[Result "0-1"]
[WhiteElo "1226"]
[BlackElo "1776"]
[PlyCount "56"]
[EventDate "2011.06.22"]
[EventType "swiss"]
[EventRounds "7"]
[EventCountry "GER"]
[SourceTitle "EXT 2012"]
[Source "ChessBase"]
[SourceDate "2011.11.24"]
[SourceVersion "1"]
[SourceVersionDate "2011.11.24"]
[SourceQuality "1"]

1. e4 e5 2. Nf3 Nc6 3. Bc4 Nf6 4. d3 Bc5 5. Be3 Bxe3 6. fxe3 d6 7. Nbd2 Bd7 8. d4 0-0 9. 0-0 Bg4 10. c3 Qe7 11. Re1 Rad8 12. Bd3 Nb8 13. Qc2 h6 14. h3 Bc8 15. Nf1 b6 16. Ng3 Nh7 17. Qf2 Ng5 18. Nxg5 Qxg5 19. Be2 Nc6 20. d5 Ne7 21. Kh2 f5 22. Bf3 f4 23. Nh1 h5 24. g3 fxg3+ 25. Qxg3 Qxg3+ 26. Kxg3 h4+ 27. Kf2 Rf6 28. Ke2 Ba6+ 0-1